Matemáticas avanzadas para ingeniería
محفوظ في:
| المؤلف الرئيسي: | |
|---|---|
| التنسيق: | كتاب |
| اللغة: | Spanish |
| منشور في: |
México : Noriega Limusa,
1997
|
| الموضوعات: | |
| الوسوم: |
إضافة وسم
لا توجد وسوم, كن أول من يضع وسما على هذه التسجيلة!
|
MARC
| LEADER | 00000nam a2200000Ia 4500 | ||
|---|---|---|---|
| 003 | L000170 | ||
| 005 | 20221231144013.0 | ||
| 008 | 140114s1997 mx a 000 ||spa d | ||
| 040 | |c cru CEDI | ||
| 082 | |a 517 K92m | ||
| 100 | |a Kreyszig, Erwin |9 19875 | ||
| 245 | |a Matemáticas avanzadas para ingeniería | ||
| 260 | |a México : Noriega Limusa, |c 1997 | ||
| 300 | |a volúmenes ; 25 cm | ||
| 500 | |a Traduccion de: Advanced engineering mathematics. | ||
| 650 | |x MATEMATICAS PARA INGENIEROS |x FISICA MATEMATICA |9 19876 | ||
| 942 | |2 ddc |c BK | ||
| 999 | |c 15466 |d 15466 | ||
